|
|
|
|
| LEADER |
00000nam a22000007i 4500 |
| 001 |
IT\ICCU\RAV\2168260 |
| 003 |
ItRI |
| 005 |
20260115232208.0 |
| 008 |
230413s2023 it |||||| ||||| |||||c |
| 020 |
|
|
|a 9788898947904
|
| 040 |
|
|
|b ita
|c importazione bologna sebina
|
| 041 |
|
7 |
|a ita
|2 ISO-639-2
|
| 082 |
|
|
|a 853.920809282
|9 NARRATIVA ITALIANA, 2000- . Raccolte per e di bambini
|2 23
|
| 100 |
1 |
|
|a Rizzi, Valentina
|0 IT\ICCU\CAGV\615258
|4 aus
|
| 240 |
1 |
0 |
|a Mondi
|3 IT\ICCU\RAV\2168265
|9 Rizzi, Valentina
|
| 245 |
1 |
0 |
|a Mondi /
|c Valentina Rizzi e Luca Caimmi.
|
| 260 |
|
|
|a Cagli :
|b Settenove,
|c 2023
|
| 300 |
|
|
|a 1 volume (senza paginazione) :
|b in gran parte ill. ;
|c 28 cm
|
| 700 |
1 |
|
|a Caimmi, Luca
|0 IT\ICCU\RAVV\416115
|4 ill
|
| 942 |
|
|
|2 ddc
|c BK
|n 0
|
| 952 |
|
|
|0 0
|1 0
|4 0
|6 R_853_920000000000000_RIZ
|7 0
|9 21753
|a BO
|b BO
|d 2026-01-15
|i 20441
|l 0
|o R 853.92 RIZ
|p BO20441
|r 2026-01-15 23:22:08
|w 2026-01-15
|x [Sebina 5] [1 v.]
|y BK
|z 1 v.
|
| 999 |
|
|
|c 18586
|d 18586
|